| 000 | 00715nam a2200241 4500 | ||
|---|---|---|---|
| 003 | OSt | ||
| 005 | 20260530115308.0 | ||
| 008 | 260504b2021 mx a|||| |||| 00| 0 spa d | ||
| 040 |
_aICI _bspa _cICI |
||
| 041 | _aspa | ||
| 050 | 4 |
_aNK1548 _bC65 2021 |
|
| 100 | 1 | _aCOMEX | |
| 245 | 1 | 0 |
_aColorLife Trends 2021 _cComex |
| 264 | 1 |
_aCiudad de México : _bComex, _c2021 |
|
| 300 |
_a251 páginas : _bilustraciones |
||
| 336 |
_atexto _2rdacontent |
||
| 337 |
_asin medio _2rdamedia |
||
| 338 |
_avolumen _2rdacarrier |
||
| 650 | 4 |
_aDecoración interior _xColor en el diseño _932332 |
|
| 650 | 4 |
_aColor en la decoración de interiores _932333 |
|
| 650 | 4 |
_aDiseño de interiores _xTendencias _932334 |
|
| 942 |
_2lcc _cBK _n1 |
||
| 999 |
_c13193 _d13193 |
||